Регионална библиотека "Любен Каравелов" - Русе

Концерт за валдхорана и оркестър [нотирана музика] (Запис номер 351591)

MARC детайли
000 -Лидер
Контролно поле с фиксирана дължина 01310ncm a2200301 a 4500
003 - Код на организацията, давaща контролен номер
Контролно поле BLK
005 - Дата и час на последна редакция
Контролно поле 20250127160903.0
008 - Елементи от данни с фиксирана дължина
fixed length control field 200330b bu ||||| |||| 00| 0 bu d
040 ## - Източник на каталожния запис
Идентификатор на билиотеката - собственик на записа BLK
041 ## - Код за език
Код за езика на текст/звукозапис или на отделно заглавие Български
Код за езика КДБФ Български
080 ## - УДК
Текстов определител УДК За валдхорна, ловджийски рог, овчарски рог, пощенски рог и др.
УДК код - определител по УДК 788.41
УДК - код + определител 788.41
080 ## - УДК
Текстов определител УДК Концерт за валдхорна и оркестър
УДК код - определител по УДК 785.6:788.42
УДК - код + определител 785.6:788.42
100 ## - Редна дума - Автор
Автор Костов, Георги
Авторска отговорност първи автор
R(LIN) 1299
139 ## - Редно поле
Редна дума Костов, Георги
Авторски знак Кос - К 86
245 ## - Сведения за заглавието
Заглавие Концерт за валдхорана и оркестър [нотирана музика]
Подзаглавни данни Извлечение за пиано от авт.
Редно поле (дума) Георги Костов
260 ## - Област на издателските данни
9 (RLIN) 209548
Място на издаване, разпространение и проч. София
Име на издателя, разпространителя и проч. Наука и изкуство
Година на издаване 1971
300 ## - Физическа характеристика
Страници 48 с.
Размери/Мащаб 31 см
380 ## - Жанр
Жанр Изкуство
650 #0 - Допълнително описание по предмет – тема
9 (RLIN) 353188
Основно описание – тема или топоним Валдхорна - концерти
650 #7 - Допълнително описание по предмет – тема
Основно описание – тема или топоним Пиано - съпровод
Източник на редна или ключова дума
9 (RLIN) 166264
653 #7 - Ключова дума – ненормативна
9 (RLIN) 189133
Ключова дума концерти
653 #7 - Ключова дума – ненормативна
9 (RLIN) 182842
Ключова дума валдхорни
653 #7 - Ключова дума – ненормативна
9 (RLIN) 188624
Ключова дума клавирен съпровод
852 ## - Местоположение
Форматна сигнатура Цб М ІІ 5059
Фондова буква Отдел Изкуство - подръчен фонд
999 ## - СИСТЕМНИ КОНТРОЛНИ НОМЕРА
Koha biblionumber 351591
Koha biblioitemnumber 351591
942 ## - АРТИКУЛИ
Вид на библиотечния материал Нотни издания
Скрит в OPAC Не
Периодичен библиозапис Да
944 ## - СЪЗДАВАНЕ И РЕДАКЦИЯ на ЗАПИСА
Създаване/Редакция Създаване
Дата на регистрацията/редакция 2020-04-05
Статус, дата на статуса Геновева Генчева
Служител, извършил регистрацията/редакцията 30560
999 ## - СИСТЕМНИ КОНТРОЛНИ НОМЕРА
Koha biblioitemnumber 351591
Наличности
Код за отписване Код за изгубен артикул Източник на класификационната схема Код за повреда Код за отдаване Артикулен № Име на библиотеката - собственик Име на библиотеката, в която се намира в момента Статус (Текущо местоположение) Дата на вписване в системата Местоположение - отдел Цена в лева Инвентарен номер Систематично азбучна сигнатура Баркод Цена в евро Служебен тип на артикула Коз за рестрикции
  Не е изгубен Universal Decimal Classification Не е повреден заемане за дома 758834 Регионална библиотека "Любен Каравелов" Русе Регионална библиотека "Любен Каравелов" Русе Отдел Изкуство - подръчен фонд 2020-04-06 Отдел Изкуство - подръчен фонд 2.25 112249 788/К 86 Г 120000112249 1.15 Нотни издания  
  Не е изгубен Universal Decimal Classification Не е повреден ползва се в читалня 774268 Регионална библиотека "Любен Каравелов" Русе Регионална библиотека "Любен Каравелов" Русе Хранилище 2020-06-04 Хранилище 2.25 94907 Цб М ІІ 5059 900000015835 1.15 Нотни издания само за читалня
Vip Innovations Ltd, Rousse, Bulgaria 2025